Law of consumer protection in India : as amended by the consumer protection (amendment) Act, 2002 (Act no. 62 of 2002) (w.e.f. 15.3.2003) and the consumer protection (amendment) rules, 2015 [vide GSR 249 (E), dated 13.3.2015 (wef 1.4.2015) (Record no. 280379)

MARC details
000 -LEADER
fixed length control field 00844nam a2200181Ia 4500
005 - DATE AND TIME OF LATEST TRANSACTION
control field 20241007103038.0
008 - FIXED-LENGTH DATA ELEMENTS--GENERAL INFORMATION
fixed length control field 240126s9999 xx 000 0 und d
020 ## - INTERNATIONAL STANDARD BOOK NUMBER
International Standard Book Number 9788187197749
082 ## - DEWEY DECIMAL CLASSIFICATION NUMBER
Classification number 343.54071 MAJ;1 R
100 ## - MAIN ENTRY--PERSONAL NAME
Personal name Majumdar, P K.
245 #0 - TITLE STATEMENT
Title Law of consumer protection in India : as amended by the consumer protection (amendment) Act, 2002 (Act no. 62 of 2002) (w.e.f. 15.3.2003) and the consumer protection (amendment) rules, 2015 [vide GSR 249 (E), dated 13.3.2015 (wef 1.4.2015)
250 ## - EDITION STATEMENT
Edition statement 7th ed.
260 ## - PUBLICATION, DISTRIBUTION, ETC. (IMPRINT)
Name of publisher, distributor, etc. Lexis Nexis
Place of publication, distribution, etc. Haryana
300 ## - PHYSICAL DESCRIPTION
Extent cxcii, 2011
440 ## - SERIES STATEMENT/ADDED ENTRY--TITLE
Title NULL
650 ## - SUBJECT ADDED ENTRY--TOPICAL TERM
Topical term or geographic name as entry element Law,consumer,protection,India,amended,consumer,protection,(amendment),Act,,2002,(Act,62,2002),(w.e.f.,15.3.2003),consumer,protection,(amendment),rules,,2015,[vide,GSR,249,(E),,dated,13.3.2015,(wef,1.4.2015)
942 ## - ADDED ENTRY ELEMENTS (KOHA)
Koha item type Law Books
Holdings
Date last seen Total Checkouts Full call number Accession number Old discount Volume/Issue Number Date checked out Cost, replacement price Price effective from Category Lost status Source of classification or shelving scheme Damaged status Department Withdrawn status bill no. Permanent Location Current Location Shelving location Entry date Vendor Cost, normal purchase price Grants Currency symbol Conversion rate Discount Discount type
08/04/2026 1 343.54071 MAJ;1 R LL26 25 (08/07/1905) 07/04/2026 1796.25 26/01/2024 Law Books   Dewey Decimal Classification   LAW   8201/I Law Library Law Library   15/02/2017 Puliani & Puliani 2395.00 Law RS 1 598.75 Rupees
26/01/2024   343.54071 MAJ;2 R1 LL27 25 (08/07/1905)   1796.25 26/01/2024 Law Books   Dewey Decimal Classification   LAW   8201/I Law Library Law Library   15/02/2017 Puliani & Puliani 2395.00 Law RS 1 598.75 Rupees

© For any Suggestions or Query, please contact the library staff @ librarian@pes.edu or Phone: +9180 2672 1983/ 2108.